| 000 | 00510ncm a2200169 a 4500 | ||
|---|---|---|---|
| 020 | _a0743204735 (hb) | ||
| 082 |
_a956.70443 _bWOO _cL-40, p-73 |
||
| 100 | 1 |
_aWoodward, Bob _937767 |
|
| 245 | 1 | _aBush at War | |
| 260 |
_aNew York : _bSimon & Schuster , _c2002 |
||
| 300 | _a376p. : ill. | ||
| 526 |
_a0 _b0 _c0 _d956_704430000000000_WOO |
||
| 526 |
_a0 _b0 _c0 _d956_704430000000000_WOO |
||
| 650 |
_aBush, George W. (George Walker), 1946 -- Military Leadership _946676 |
||
| 650 |
_aMCE _9379 |
||
| 942 |
_2ddc _cBK |
||
| 999 |
_c549944 _d549944 |
||